000 00471 a2200181 4500
005 20260127103525.0
008 260122b |||||||| |||| 00| 0 eng d
020 _a9789392240751
_cRs. 9000.00
040 _aMAIN
082 _a363.2503
_bS58E
100 _aSanjana, Singh
245 _aEncyclopedia of forensic science, 4V
260 _bYking Books
_c2023
_aJaipur
300 _a308
650 _aForensic Science
650 _aCriminal Investigation
942 _cBK
999 _c394459
_d394459